<?xml version="1.0" encoding="UTF-8"?><marc:collection xmlns:marc="http://www.loc.gov/MARC21/slim">
  <marc:record>
    <marc:leader>00000nas  2200000za 4500</marc:leader>
    <marc:controlfield tag="001">9.856044</marc:controlfield>
    <marc:controlfield tag="003">CaOODSP</marc:controlfield>
    <marc:controlfield tag="005">20251127112030</marc:controlfield>
    <marc:controlfield tag="007">cr |||||||||||</marc:controlfield>
    <marc:controlfield tag="008">180501c20029999oncar p o    f0###a0eng|d</marc:controlfield>
    <marc:datafield tag="040" ind1=" " ind2=" ">
      <marc:subfield code="a">CaOODSP</marc:subfield>
      <marc:subfield code="b">eng</marc:subfield>
      <marc:subfield code="e">rda</marc:subfield>
      <marc:subfield code="c">CaOODSP</marc:subfield>
    </marc:datafield>
    <marc:datafield tag="043" ind1=" " ind2=" ">
      <marc:subfield code="a">n-cn---</marc:subfield>
    </marc:datafield>
    <marc:datafield tag="086" ind1="1" ind2=" ">
      <marc:subfield code="a">NG1-5E-PDF</marc:subfield>
    </marc:datafield>
    <marc:datafield tag="110" ind1="2" ind2=" ">
      <marc:subfield code="a">National Gallery of Canada.</marc:subfield>
      <marc:subfield code="e">author, </marc:subfield>
      <marc:subfield code="e">issuing body.</marc:subfield>
    </marc:datafield>
    <marc:datafield tag="245" ind1="1" ind2="0">
      <marc:subfield code="a">Summary of the corporate plan and operating and capital budget ... to ... / </marc:subfield>
      <marc:subfield code="c">National Gallery of Canada and its affiliate Canadian Museum of Contemporary Photography.</marc:subfield>
    </marc:datafield>
    <marc:datafield tag="246" ind1="1" ind2=" ">
      <marc:subfield code="a">Summary of the corporate plan and operating and capital budgets for ... to ... </marc:subfield>
      <marc:subfield code="f">2004/2005 to 2008/2009-2009/2010 to 2013/2014</marc:subfield>
    </marc:datafield>
    <marc:datafield tag="246" ind1="1" ind2="2">
      <marc:subfield code="a">Capital and operating budget </marc:subfield>
      <marc:subfield code="f">2007/2008</marc:subfield>
    </marc:datafield>
    <marc:datafield tag="246" ind1="1" ind2=" ">
      <marc:subfield code="a">Summary of the corporate plan for ... to ... and operating and capital budgets for ... </marc:subfield>
      <marc:subfield code="g">(varies slightly) </marc:subfield>
      <marc:subfield code="f">2010/2011 to 2014/2015-</marc:subfield>
    </marc:datafield>
    <marc:datafield tag="264" ind1=" " ind2="1">
      <marc:subfield code="a">Ottawa : </marc:subfield>
      <marc:subfield code="b">National Gallery of Canada, </marc:subfield>
      <marc:subfield code="c">[2002]-</marc:subfield>
    </marc:datafield>
    <marc:datafield tag="310" ind1=" " ind2=" ">
      <marc:subfield code="a">Annual</marc:subfield>
    </marc:datafield>
    <marc:datafield tag="362" ind1="1" ind2=" ">
      <marc:subfield code="a">Began with 2002/2003 to 2006/2007.</marc:subfield>
    </marc:datafield>
    <marc:datafield tag="500" ind1=" " ind2=" ">
      <marc:subfield code="a">Cover title.</marc:subfield>
    </marc:datafield>
    <marc:datafield tag="500" ind1=" " ind2=" ">
      <marc:subfield code="a">Issued also in French under title: Sommaire du plan d'entreprise de ... à ... et budgets de fonctionnement et d'immobilisations de ... .</marc:subfield>
    </marc:datafield>
    <marc:datafield tag="550" ind1=" " ind2=" ">
      <marc:subfield code="a">Issues for 2010/2011 to 2014/2015- published by the National Gallery of Canada only.</marc:subfield>
    </marc:datafield>
    <marc:datafield tag="588" ind1="0" ind2=" ">
      <marc:subfield code="a">Description based on: 2002/2003 to 2006/2007.</marc:subfield>
    </marc:datafield>
    <marc:datafield tag="588" ind1="1" ind2=" ">
      <marc:subfield code="a">Latest issue consulted: 2022/2023 to 2026/2027.</marc:subfield>
    </marc:datafield>
    <marc:datafield tag="610" ind1="2" ind2="0">
      <marc:subfield code="a">National Gallery of Canada</marc:subfield>
      <marc:subfield code="x">Appropriations and expenditures</marc:subfield>
      <marc:subfield code="v">Periodicals.</marc:subfield>
    </marc:datafield>
    <marc:datafield tag="610" ind1="2" ind2="0">
      <marc:subfield code="a">National Gallery of Canada</marc:subfield>
      <marc:subfield code="x">Planning</marc:subfield>
      <marc:subfield code="v">Periodicals.</marc:subfield>
    </marc:datafield>
    <marc:datafield tag="650" ind1=" " ind2="0">
      <marc:subfield code="a">Art museums</marc:subfield>
      <marc:subfield code="x">Planning</marc:subfield>
      <marc:subfield code="z">Canada</marc:subfield>
      <marc:subfield code="v">Periodicals.</marc:subfield>
    </marc:datafield>
    <marc:datafield tag="655" ind1=" " ind2="7">
      <marc:subfield code="a">Periodicals</marc:subfield>
      <marc:subfield code="2">lcgft</marc:subfield>
    </marc:datafield>
    <marc:datafield tag="710" ind1="2" ind2=" ">
      <marc:subfield code="a">Canadian Museum of Contemporary Photography, </marc:subfield>
      <marc:subfield code="e"> author, </marc:subfield>
      <marc:subfield code="e">issuing body.</marc:subfield>
    </marc:datafield>
    <marc:datafield tag="775" ind1="0" ind2="8">
      <marc:subfield code="t">Sommaire du plan d'entreprise et budgets de fonctionnement et d'immobilisations de ... à ... / </marc:subfield>
      <marc:subfield code="w">(CaOODSP)9.856065</marc:subfield>
    </marc:datafield>
  </marc:record>
</marc:collection>
